000 00452nam a22001697a 4500
003 NUST - PNEC
005 20170116181100.0
008 151002b xxu||||| |||| 00| 0 eng d
040 _cLIBRARY
082 _a621.381958 BAR
100 _912346
_aBartee, Thomas C.
245 _aDigital computer fundamentals
_cThomas C. Bartee
250 _a4th ed.
260 _cc.1987
650 _912347
_aElectronic digital computers
_xEE, MIS
942 _2ddc
_cBK
999 _c68730
_d68730